01510 2200553 4500001002100000005001500021035002500036008004100061020002200102082001400124100002100138245010200159260003100261300005900292500001100351504003300362650002000395700003000415040001700445084001600462850001200478041000800490007000300498090002000501250002000521990001800541990001800559990001800577990001800595990001800613990001800631990001700649990001800666990001800684990001800702990001800720990001800738990001800756990001700774990001800791990001800809990001800827990001800845990001800863990001800881990001700899990002000916990002000936YOGYA-0411000000123020190813084646 a0010-041100000001230110414s2010 yoia g ind d a978-602-8335-35-804223a722.40 aPratiwoepenulis10aArsitektur tradisional Tionghoa dan perkembangan kota /cpenulis, Pratiwo; penyunting, M. Nazir S31aYogjakarta :bOmbak,c2010 axxiii, 306 halaman :bilustrasi, peta, gambar ;c24 cm aIndeks aBibliografi: halaman 289-302 4aArsitektur kuno1 aNasir S.,epenyuntingqM. aYOPDYOGbind a722.4 PRA a aYOPDYOG aindta aNUS 722.4 PRA a aCetakan Pertama a49258-PD/B.10 a52550-PD/B.10 a52551-PD/B.10 a52559-PD/B.10 a52560-PD/B.10 a52561-PD/B.10 a2431-PK/B.12 a49258-PD/B.10 a52550-PD/B.10 a52551-PD/B.10 a52559-PD/B.10 a52560-PD/B.10 a52561-PD/B.10 a2431-PK/B.12 a49258-PD/B.10 a52550-PD/B.10 a52551-PD/B.10 a52559-PD/B.10 a52560-PD/B.10 a52561-PD/B.10 a2431-PK/B.12 a38109-PD/B.2019 a38110-PD/B.2019